| 000 | 00000nas 2200000za 4500 |
| 001 | 9.506832 |
| 003 | CaOODSP |
| 005 | 20221107133712 |
| 007 | cr ||||||||||| |
| 008 | 150406d20032005oncar pso||||f0 a0eng|d |
| 040 | |aCaOODSP|beng |
| 043 | |an-cn--- |
| 086 | 1 |aRv1-17E-PDF |
| 110 | 1 |aCanada. |bCanada Customs and Revenue Agency. |
| 245 | 10|aCCRA annual report to Parliament |h[electronic resource]. |
| 260 | |aOttawa : |bCanada Customs and Revenue Agency |
| 310 | |aAnnual |
| 362 | 1 |a2002/2003 - 2004/2005 |
| 500 | |aIssued also in French under title: Rapport annuel de l’ADRC au Parlement. |
| 690 | 07|aPerformance assessment|2gcpds |
| 775 | 08|tRapport annuel de l'ADRC au Parlement |w(CaOODSP)9.503227 |
| 780 | 00|tCCRA performance report. ... annual report to Parliament |w(CaOODSP)9.506828 |
| 785 | 00|tCanada Revenue Agency annual report to Parliament |w(CaOODSP)9.506833 |